00708nam a2200169 a 4500003000200000005001700002008004100019050002800060100003100088245014100119260009000260300002300350504004100373650005500414650003900469650003000508020250311153921.0090709s19uu xx 00 eng d aPHS JQ 1416b.V737 2009 aVillena, Kedren Obiñque. aSocio-political condition during the martial law period (1972-1981) in an American and Filipino perspective /cKedren Obiñque Villena. aLas Piñas City, Philippines :bSouthville International School and Colleges,c2009. a22 pages ;c28 cm. aIncludes bibliographical references. aPhilippinesxPolitics and governmenty1946–1986. aPhilippinesxHistoryy1973–1986. aMartial lawxPhilippines.